|
|
|
|
| LEADER |
01634nam a2200397 a 4500 |
| 001 |
EBC1120873 |
| 003 |
MiAaPQ |
| 005 |
20200520144314.0 |
| 006 |
m o d | |
| 007 |
cr cn||||||||| |
| 008 |
121029s2013 nju sb 001 0 eng d |
| 010 |
|
|
|z 2012041500
|
| 020 |
|
|
|z 9781118370568 (cloth)
|
| 020 |
|
|
|a 9781118559543 (electronic bk.)
|
| 035 |
|
|
|a (MiAaPQ)EBC1120873
|
| 035 |
|
|
|a (Au-PeEL)EBL1120873
|
| 035 |
|
|
|a (CaPaEBR)ebr10657661
|
| 035 |
|
|
|a (CaONFJC)MIL450263
|
| 035 |
|
|
|a (OCoLC)815836053
|
| 040 |
|
|
|a MiAaPQ
|c MiAaPQ
|d MiAaPQ
|
| 050 |
|
4 |
|a HD30.28
|b .S785 2013
|
| 082 |
0 |
4 |
|a 658.4/013
|2 23
|
| 100 |
1 |
|
|a Stubbs, Evan.
|
| 245 |
1 |
0 |
|a Delivering business analytics
|h [electronic resource] :
|b practical guidelines for best practice /
|c Evan Stubbs.
|
| 260 |
|
|
|a Hoboken, N.J. :
|b Wiley,
|c c2013.
|
| 300 |
|
|
|a xix, 348 p.
|
| 440 |
|
0 |
|a Wiley and SAS business series
|
| 504 |
|
|
|a Includes bibliographical references and index.
|
| 505 |
0 |
|
|a pt. 1. Business analytics best practices -- pt. 2. The data scientist's code -- pt. 3. Practical solutions : people and process -- pt. 4. Practical solutions : systems and assets -- pt. 5. Practical solutions : data and decision making.
|
| 533 |
|
|
|a Electronic reproduction. Ann Arbor, MI : ProQuest, 2016. Available via World Wide Web. Access may be limited to ProQuest affiliated libraries.
|
| 650 |
|
0 |
|a Business planning.
|
| 650 |
|
0 |
|a Strategic planning.
|
| 650 |
|
0 |
|a Decision making.
|
| 655 |
|
4 |
|a Electronic books.
|
| 710 |
2 |
|
|a ProQuest (Firm)
|
| 856 |
4 |
0 |
|u https://ebookcentral.proquest.com/lib/matrademy/detail.action?docID=1120873
|z Click to View
|